| Поле | Инд. | ПП | Название | Значение |
|---|---|---|---|---|
| Тип записи | a | |||
| Библиографический уровень | a | |||
| 001 | Контрольный номер | RU/IS/BASE/262109358 | ||
| 005 | Дата корректировки | 20240416093135.2 | ||
| 084 | a | Индекс другой классификации/Индекс ББК | 85.374.3(2Рос)6-Маяковский В.В.8; 85.374.9; 71.055.21 | |
| 090 | 00 | a | Полочн. индекс | 85.03(2)6-022.8 |
| x | Авторский знак | Х 201 | ||
| 100 | 10 | a | Автор | Харджиев Н. И. |
| q | Полное имя | Харджиев Николай Иванович | ||
| 245 | 01 | a | Заглавие | "Оживленный гобелен" и "Закованная фильмой" |
| 600 | 14 | a | Персоналии | Маяковский Владимир Владимирович |
| 650 | 04 | a | Основная рубрика | искусство |
| a | Основная рубрика | история искусства | ||
| 653 | 00 | a | Ключевые слова | "Закованная фильмой" |
| a | Ключевые слова | "Оживленный гобелен" | ||
| a | Ключевые слова | XX век | ||
| a | Ключевые слова | авангардная культура | ||
| a | Ключевые слова | история художественно-игрового кино | ||
| a | Ключевые слова | киноискусство | ||
| a | Ключевые слова | киносценарии | ||
| a | Ключевые слова | культурология | ||
| a | Ключевые слова | новаторство | ||
| a | Ключевые слова | новое время | ||
| a | Ключевые слова | Россия | ||
| a | Ключевые слова | художественная жизнь | ||
| a | Ключевые слова | художественное кино | ||
| 773 | 00 | d | Дата издания источника | Москва, 1997 |
| g | Прочая информация | Т.2. - С. 174-175 | ||
| t | Заглавие источника | Харджиев Н. И. Статьи об авангарде | ||
| w | Контрольный № источника | RU/IS/BASE/103044558 | ||
| 901 | t | Тип документа | a |